[Event "Dortmund Sparkassen op-B 47th"]
[Site "Dortmund"]
[Date "2019.07.21"]
[Round "9"]
[White "Dordevic, Tom"]
[Black "Otto, Michael"]
[Result "1/2-1/2"]
[WhiteElo "1555"]
[BlackElo "1681"]
[PlyCount "55"]
[EventDate "2019.07.13"]
[EventType "swiss"]
[EventRounds "9"]
[EventCountry "GER"]
[SourceTitle "CBM 192 Extra"]
[Source "Chessbase"]
[SourceDate "2019.11.06"]
[SourceVersion "1"]
[SourceVersionDate "2019.11.06"]
[SourceQuality "1"]

1. e4 c5 2. Nf3 g6 3. d4 cxd4 4. Nxd4 Bg7 5. Nc3 Nc6 6. Be3 d6 7. Qd2 Nf6 8. f3 a6 9. 0-0-0 Bd7 10. g4 b5 11. Nxc6 Bxc6 12. Nd5 Bxd5 13. exd5 Qc7 14. h4 Rc8 15. Bd4 Ne4 16. fxe4 Bxd4 17. Bd3 Be5 18. h5 Qc5 19. hxg6 hxg6 20. Rxh8+ Bxh8 21. Qa5 Be5 22. Qxa6 b4 23. Qb5+ Kf8 24. Qxc5 dxc5 25. Bc4 Kg7 26. Rh1 Bf4+ 27. Kb1 Kf6 28. Rh7 1/2-1/2

[Event "Dortmund Sparkassen op-B 47th"]
[Site "Dortmund"]
[Date "2019.07.18"]
[Round "6"]
[White "Otto, Michael"]
[Black "Gaul, Alexander"]
[Result "0-1"]
[WhiteElo "1681"]
[BlackElo "1886"]
[PlyCount "40"]
[EventDate "2019.07.13"]
[EventType "swiss"]
[EventRounds "9"]
[EventCountry "GER"]
[SourceTitle "CBM 192 Extra"]
[Source "Chessbase"]
[SourceDate "2019.11.06"]
[SourceVersion "1"]
[SourceVersionDate "2019.11.06"]
[SourceQuality "1"]

1. e4 c5 2. Nf3 d6 3. d4 cxd4 4. Nxd4 a6 5. a3 Qc7 6. Nc3 Nf6 7. g3 b6 8. Bg2 Bb7 9. 0-0 e6 10. Be3 Nbd7 11. Qd2 Nc5 12. f3 Be7 13. Nce2 0-0 14. c3 e5 15. Nf5 Nb3 16. Nxe7+ Qxe7 17. Qc2 Nxa1 18. Rxa1 b5 19. Rc1 Qc7 20. f4 Ng4 0-1

[Event "Dortmund Sparkassen op-B 47th"]
[Site "Dortmund"]
[Date "2019.07.14"]
[Round "2"]
[White "Otto, Michael"]
[Black "Luthardt, Christopher"]
[Result "1/2-1/2"]
[WhiteElo "1681"]
[BlackElo "1545"]
[PlyCount "46"]
[EventDate "2019.07.13"]
[EventType "swiss"]
[EventRounds "9"]
[EventCountry "GER"]
[SourceTitle "CBM 192 Extra"]
[Source "Chessbase"]
[SourceDate "2019.11.06"]
[SourceVersion "1"]
[SourceVersionDate "2019.11.06"]
[SourceQuality "1"]

1. e4 c5 2. Nc3 Nc6 3. g3 Nf6 4. Bg2 d6 5. Nge2 g6 6. d3 Bg7 7. 0-0 0-0 8. h3 Rb8 9. f4 Bd7 10. Be3 Qc8 11. Kh2 Nd4 12. Bf2 Nc6 13. Qd2 b5 14. Nd1 Be6 15. Ne3 Bd7 16. c3 b4 17. d4 bxc3 18. bxc3 cxd4 19. cxd4 Rb5 20. e5 Ne8 21. Nc3 Rb8 22. Rfc1 Qa6 23. Ncd5 e6 1/2-1/2

[Event "Ruhrgebiet Verbandsliga Gruppe 2 1718"]
[Site "Germany"]
[Date "2018.01.14"]
[Round "5.5"]
[White "Krieglstein, Marcel"]
[Black "Otto, Michael"]
[Result "1/2-1/2"]
[WhiteElo "1829"]
[BlackElo "1707"]
[PlyCount "41"]
[EventDate "2017.09.17"]
[EventType "team-tourn"]
[EventRounds "9"]
[EventCountry "GER"]
[SourceTitle "EXT 2022"]
[Source "ChessBase"]
[SourceDate "2021.10.06"]
[SourceVersion "1"]
[SourceVersionDate "2021.10.06"]
[SourceQuality "1"]
[WhiteTeam "Holsterhausen SK"]
[BlackTeam "Muelheim SC"]
[WhiteTeamCountry "GER"]
[BlackTeamCountry "GER"]

1. d4 Nf6 2. c4 g6 3. Nc3 d5 4. cxd5 Nxd5 5. e4 Nxc3 6. bxc3 Bg7 7. Bb5+ Bd7 8. Bc4 0-0 9. Be3 c5 10. Ne2 cxd4 11. cxd4 e6 12. 0-0 Nc6 13. Rb1 Na5 14. Bd3 b6 15. Qd2 Bc6 16. f3 Qd7 17. Ba6 Bb7 18. Bb5 Bc6 19. Ba6 Bb7 20. Bb5 Bc6 21. Ba6 1/2-1/2

[Event "Ruhrgebiet Verbandsklasse Gruppe 3 1617"]
[Site "Germany"]
[Date "2017.03.12"]
[Round "8.4"]
[White "Pientka, Roman"]
[Black "Otto, Michael"]
[Result "1-0"]
[WhiteElo "1680"]
[BlackElo "1764"]
[PlyCount "69"]
[EventDate "2016.09.04"]
[EventType "team-tourn"]
[EventRounds "9"]
[EventCountry "GER"]
[SourceTitle "EXT 2022"]
[Source "ChessBase"]
[SourceDate "2021.10.06"]
[SourceVersion "1"]
[SourceVersionDate "2021.10.06"]
[SourceQuality "1"]
[WhiteTeam "Recklinghausen Laeufer Ost"]
[BlackTeam "Muelheim SC"]
[WhiteTeamCountry "GER"]
[BlackTeamCountry "GER"]

1. e4 c5 2. Nc3 g6 3. d3 Bg7 4. g3 Nc6 5. Bg2 e6 6. Nge2 Nge7 7. 0-0 0-0 8. Be3 b6 9. Qd2 d5 10. exd5 exd5 11. Bh6 Bb7 12. Bxg7 Kxg7 13. d4 c4 14. Nf4 Nb4 15. a3 Na6 16. Rfe1 Nc7 17. Re5 f6 18. Ne6+ Nxe6 19. Rxe6 Rc8 20. Rae1 Rc7 21. Nb5 Rd7 22. Nxa7 Nf5 23. Nb5 Nd6 24. Nxd6 Rxd6 25. Rxd6 Qxd6 26. Bh3 f5 27. Qe3 Kf7 28. Qh6 Kg8 29. Re5 c3 30. b4 Bc8 31. Bg2 Be6 32. Qe3 Bf7 33. Qxc3 Qd7 34. Qb3 Rc8 35. Bxd5 1-0

[Event "Ruhrgebiet Verbandsklasse Gruppe 3 1617"]
[Site "Germany"]
[Date "2017.01.29"]
[Round "6.4"]
[White "Schulze Bisping, Franz Adolf"]
[Black "Otto, Michael"]
[Result "1-0"]
[WhiteElo "1854"]
[BlackElo "1764"]
[PlyCount "103"]
[EventDate "2016.09.04"]
[EventType "team-tourn"]
[EventRounds "9"]
[EventCountry "GER"]
[SourceTitle "EXT 2022"]
[Source "ChessBase"]
[SourceDate "2021.10.06"]
[SourceVersion "1"]
[SourceVersionDate "2021.10.06"]
[SourceQuality "1"]
[WhiteTeam "Erkenschwick II"]
[BlackTeam "Muelheim SC"]
[WhiteTeamCountry "GER"]
[BlackTeamCountry "GER"]

1. d4 Nf6 2. c4 g6 3. f3 d6 4. e4 Nbd7 5. Nc3 Bg7 6. Bg5 0-0 7. Nge2 e5 8. Qd2 a6 9. d5 Rb8 10. Ng3 Qe8 11. Be2 Nc5 12. 0-0 Bd7 13. Rab1 Na4 14. Rfc1 Nxc3 15. Qxc3 h6 16. Be3 Qe7 17. Qd2 Kh7 18. b4 Ne8 19. Bd3 f6 20. Qc2 Rf7 21. Nh1 h5 22. Nf2 Bh6 23. Bxh6 Kxh6 24. a4 Kg7 25. c5 f5 26. c6 bxc6 27. dxc6 Bc8 28. b5 axb5 29. Bxb5 fxe4 30. fxe4 Nf6 31. Bc4 Rxb1 32. Rxb1 d5 33. Bd3 d4 34. a5 Qa3 35. Qd2 Qc5 36. Rc1 Qa7 37. Qb4 Ba6 38. h3 Bxd3 39. Nxd3 Nxe4 40. Re1 Nd6 41. Rxe5 Qa6 42. Qxd4 Kh7 43. Qd5 Kg7 44. Kh2 Nc4 45. Nb4 Qa7 46. Qxc4 Qf2 47. Nd3 Qf1 48. Re8 Rf5 49. h4 Rf7 50. a6 Qa1 51. Ne5 Rf1 52. Qg8+ 1-0

[Event "Ruhrgebiet Verbandsklasse Gruppe 3 1617"]
[Site "Germany"]
[Date "2016.09.04"]
[Round "1.4"]
[White "Tobczewski, Peter"]
[Black "Otto, Michael"]
[Result "0-1"]
[WhiteElo "1881"]
[BlackElo "1765"]
[PlyCount "244"]
[EventDate "2016.09.04"]
[EventType "team-tourn"]
[EventRounds "9"]
[EventCountry "GER"]
[SourceTitle "EXT 2022"]
[Source "ChessBase"]
[SourceDate "2021.10.06"]
[SourceVersion "1"]
[SourceVersionDate "2021.10.06"]
[SourceQuality "1"]
[WhiteTeam "Horst Emscher II"]
[BlackTeam "Muelheim SC"]
[WhiteTeamCountry "GER"]
[BlackTeamCountry "GER"]

1. e4 c5 2. Nf3 g6 3. d4 cxd4 4. Nxd4 Bg7 5. c3 Nc6 6. Be3 Nf6 7. Nxc6 bxc6 8. Nd2 d6 9. Be2 0-0 10. 0-0 Qc7 11. Qc2 Rb8 12. Kh1 c5 13. Bf4 Bb7 14. f3 Bc6 15. Nc4 Nd7 16. Rad1 Nb6 17. Ne3 Qb7 18. b3 a5 19. Ng4 h5 20. Nf2 a4 21. b4 cxb4 22. cxb4 a3 23. b5 Bd7 24. Rb1 Rfc8 25. Qd3 Be6 26. Qxa3 Ra8 27. Qe3 Rc3 28. Nd3 Nc4 29. Qf2 Rxa2 30. Rfc1 Rxd3 31. Qe1 Bc3 32. Rxc3 Rxe2 33. Qxe2 Rxc3 34. Qe1 Ra3 35. Qb4 Qa7 36. h3 Ra1 37. Bh2 Rxb1+ 38. Qxb1 Qa5 39. Bg1 Nb6 40. Qf1 Nd7 41. Qb1 Nb6 42. Qf1 Nc4 43. Qb1 Nd2 44. Qb2 Nb3 45. b6 Qa6 46. Qc3 Qb7 47. Qb4 Nc5 48. Qa5 Na6 49. Qd2 Kf8 50. Qc3 f6 51. h4 Bd7 52. Qd2 Kg7 53. Qf4 e5 54. Qd2 Qc6 55. Qa5 Bc8 56. Qd2 Bb7 57. Qa2 d5 58. exd5 Qxd5 59. Qa3 Qd7 60. Qe3 Qd4 61. Qe1 Qb4 62. Qg3 Qf4 63. Qe1 e4 64. Bf2 Qe5 65. Qd2 Qd5 66. Qxd5 Bxd5 67. fxe4 Bxe4 68. Kh2 Kf7 69. Kh3 Ke6 70. g4 hxg4+ 71. Kxg4 Nb8 72. Bd4 f5+ 73. Kg5 Kf7 74. h5 gxh5 75. Kxh5 Ke6 76. Kg5 Nd7 77. Be3 Kd6 78. Kf4 Kc6 79. Bg1 Nxb6 80. Ke5 Nd7+ 81. Kd4 Kd6 82. Bh2+ Ke6 83. Ke3 Kd5 84. Bg3 Ne5 85. Kf4 Ng4 86. Bh4 Kd4 87. Bg3 Nf6 88. Bh2 Nd5+ 89. Kg5 Ke3 90. Bb8 f4 91. Bxf4+ Nxf4 92. Kf6 Nd5+ 93. Ke5 Bf3 94. Kf5 Kd4 95. Kg5 Ke5 96. Kg6 Nf4+ 97. Kg5 Ne6+ 98. Kg6 Be4+ 99. Kf7 Ng5+ 100. Kg7 Kf5 101. Kg8 Kf6 102. Kh8 Nf7+ 103. Kg8 Bf5 104. Kf8 Bh7 105. Ke8 Ke6 106. Kf8 Kf6 107. Ke8 Ne5 108. Kf8 Nd7+ 109. Ke8 Ke6 110. Kd8 Kd6 111. Ke8 Bg6+ 112. Kd8 Bf7 113. Kc8 Nc5 114. Kd8 Nb7+ 115. Kc8 Kc6 116. Kb8 Be6 117. Ka7 Kc7 118. Ka6 Bc4+ 119. Ka7 Nd6 120. Ka8 Bd3 121. Ka7 Nc8+ 122. Ka8 Be4# 0-1

[Event "Ruhrgebiet Verbandsliga Gruppe 2 1516"]
[Site "Germany"]
[Date "2016.03.20"]
[Round "8.8"]
[White "Otto, Michael"]
[Black "Zabel, Reinhard"]
[Result "1/2-1/2"]
[WhiteElo "1771"]
[BlackElo "1486"]
[PlyCount "50"]
[EventDate "2015.09.06"]
[EventType "team-tourn"]
[EventRounds "9"]
[EventCountry "GER"]
[SourceTitle "EXT 2022"]
[Source "ChessBase"]
[SourceDate "2021.10.06"]
[SourceVersion "1"]
[SourceVersionDate "2021.10.06"]
[SourceQuality "1"]
[WhiteTeam "Muelheim SC"]
[BlackTeam "Brambauer"]
[WhiteTeamCountry "GER"]
[BlackTeamCountry "GER"]

1. e4 e5 2. Nf3 Nf6 3. Nxe5 d6 4. Nf3 Nxe4 5. Bd3 Nf6 6. h3 Nc6 7. c3 Be6 8. 0-0 Be7 9. Re1 h6 10. Bf1 0-0 11. d4 d5 12. Bf4 Re8 13. Na3 Bxa3 14. bxa3 Bd7 15. Qc2 Ne7 16. Bd3 Qc8 17. Kh2 c5 18. Bd6 c4 19. Bxe7 cxd3 20. Qb3 Ne4 21. Bh4 Bc6 22. Ne5 Qc7 23. Kg1 Nd2 24. Qd1 Nc4 25. Nxd3 Nxa3 1/2-1/2

[Event "Ruhrgebiet Verbandsklasse Gruppe 1 1415"]
[Site "Germany"]
[Date "2015.04.26"]
[Round "9.7"]
[White "Nagel, Frank"]
[Black "Otto, Michael"]
[Result "1/2-1/2"]
[WhiteElo "1664"]
[BlackElo "1788"]
[PlyCount "111"]
[EventDate "2014.09.21"]
[EventType "team-tourn"]
[EventRounds "9"]
[EventCountry "GER"]
[SourceTitle "EXT 2022"]
[Source "ChessBase"]
[SourceDate "2021.10.06"]
[SourceVersion "1"]
[SourceVersionDate "2021.10.06"]
[SourceQuality "1"]
[WhiteTeam "Waltrop SV"]
[BlackTeam "Muelheim SC"]
[WhiteTeamCountry "GER"]
[BlackTeamCountry "GER"]

1. d4 Nf6 2. c4 g6 3. Nf3 Bg7 4. Nc3 d5 5. Bg5 c6 6. Qb3 dxc4 7. Qxc4 0-0 8. e4 b5 9. Qd3 a6 10. Be2 Bb7 11. 0-0 Nbd7 12. Qe3 Nb6 13. h3 Rc8 14. Rad1 Nfd7 15. Nh2 Qe8 16. Bh6 e6 17. Bxg7 Kxg7 18. Ng4 f5 19. Qh6+ Kh8 20. Ne5 Nxe5 21. dxe5 Rd8 22. Rxd8 Qxd8 23. Rd1 Qe7 24. Qe3 Qc7 25. Qd4 Rf7 26. Qd8+ Kg7 27. Qxc7 Rxc7 28. Rd6 Kf7 29. exf5 gxf5 30. f4 Rd7 31. Rxd7+ Nxd7 32. Bf3 Nc5 33. Ne2 Nd3 34. b3 Nb4 35. a4 bxa4 36. bxa4 Ke7 37. Kf2 Nd3+ 38. Ke3 Ne1 39. Nd4 Nxf3 40. Nxf3 c5 41. Ne1 a5 42. g4 fxg4 43. hxg4 Bc6 44. Nd3 Bxa4 45. Nxc5 Bd1 46. g5 Kf7 47. Kd2 Bf3 48. Kc3 Bd5 49. Nd7 Kg7 50. Nc5 Kg6 51. Kd4 Kf5 52. Ke3 Kg4 53. Nd3 Kf5 54. Nb2 Bc6 55. Nc4 a4 56. Na3 1/2-1/2

[Event "Ruhrgebiet VK1 1213"]
[Site "Nordrheinwestfalen"]
[Date "2013.01.13"]
[Round "5.7"]
[White "Otto, Michael"]
[Black "Regber, Karl Heinz"]
[Result "1/2-1/2"]
[WhiteElo "1810"]
[BlackElo "1470"]
[PlyCount "88"]
[EventDate "2012.09.02"]
[EventType "team-tourn"]
[EventRounds "9"]
[EventCountry "GER"]
[SourceTitle "EXT 2020"]
[Source "ChessBase"]
[SourceDate "2019.10.17"]
[SourceVersion "1"]
[SourceVersionDate "2019.10.17"]
[SourceQuality "1"]
[WhiteTeam "Muelheim SC"]
[BlackTeam "Rochade Eving"]
[WhiteTeamCountry "GER"]
[BlackTeamCountry "GER"]

1. e4 e6 2. d4 a6 3. Nf3 d5 4. e5 c5 5. c3 Nc6 6. Be2 Bd7 7. 0-0 Qb6 8. a3 c4 9. Nbd2 Na5 10. Rb1 h6 11. b3 cxb3 12. Nxb3 Ba4 13. Nxa5 Qxa5 14. Qd2 Bc6 15. Qb2 Be7 16. Nd2 Qc7 17. f4 g6 18. c4 dxc4 19. Bxc4 b5 20. Bd3 Qb7 21. Nb3 a5 22. Be3 a4 23. Nc5 Bxc5 24. dxc5 Rb8 25. Qc2 Ne7 26. Bd4 Nf5 27. Bxf5 gxf5 28. Qf2 Rg8 29. Rb2 Rd8 30. g3 h5 31. Qe3 h4 32. Kf2 hxg3+ 33. hxg3 Qd7 34. Rd2 Qd5 35. Ke1 Qc4 36. Rg1 Rg4 37. Qc3 Qxc3 38. Bxc3 Rxd2 39. Kxd2 Bd5 40. Ke3 Kd7 41. Ba5 Kc6 42. Kd4 Rg6 43. Bd8 Rg8 44. Bf6 Rb8 1/2-1/2

[Event "Ruhrgebiet VK1 1213"]
[Site "Nordrheinwestfalen"]
[Date "2012.10.28"]
[Round "3.7"]
[White "Metzner, Carsten"]
[Black "Otto, Michael"]
[Result "1-0"]
[WhiteElo "1775"]
[BlackElo "1810"]
[PlyCount "107"]
[EventDate "2012.09.02"]
[EventType "team-tourn"]
[EventRounds "9"]
[EventCountry "GER"]
[SourceTitle "EXT 2020"]
[Source "ChessBase"]
[SourceDate "2019.10.17"]
[SourceVersion "1"]
[SourceVersionDate "2019.10.17"]
[SourceQuality "1"]
[WhiteTeam "Altenessen"]
[BlackTeam "Muelheim SC"]
[WhiteTeamCountry "GER"]
[BlackTeamCountry "GER"]

1. e4 c5 2. Nf3 Nc6 3. Nc3 g6 4. d4 cxd4 5. Nxd4 Bg7 6. Be3 a6 7. Qd2 e6 8. 0-0-0 Nge7 9. h4 h5 10. Be2 b5 11. g4 hxg4 12. Bxg4 Ne5 13. Be2 Nc4 14. Bxc4 bxc4 15. Na4 Qc7 16. Ne2 Bb7 17. Nec3 Bc6 18. Bd4 Bh6 19. Be3 Bxe3 20. Qxe3 Rh5 21. Kb1 Qa5 22. b3 cxb3 23. axb3 Bxa4 24. Nxa4 Rb8 25. Qd4 Qb5 26. Rd3 Rb7 27. Nb2 Nc6 28. Qa4 Qxa4 29. Nxa4 Ne5 30. Rc3 Ng4 31. f3 Nf6 32. Rc8+ Ke7 33. Nc5 Ra7 34. Nd3 g5 35. Rc5 d5 36. exd5 Nxd5 37. c4 gxh4 38. cxd5 exd5 39. Nf4 Kd6 40. Ra5 Rh6 41. Rxd5+ Kc6 42. Rh5 Rd6 43. R1xh4 Re7 44. Rh6 f6 45. Ng2 Re2 46. Rc4+ Kb6 47. Rc2 Rd1+ 48. Kb2 Re6 49. Nf4 Red6 50. Nh5 Rf1 51. Rc3 Rd2+ 52. Rc2 Rdd1 53. Rxf6+ Kb7 54. Rg2 1-0

[Event "Ruhrgebiet Verbandsliga2 1112"]
[Site "Nordrheinwestfalen"]
[Date "2012.03.25"]
[Round "8.8"]
[White "Sroka, Andreas"]
[Black "Otto, Michael"]
[Result "0-1"]
[WhiteElo "1687"]
[BlackElo "1811"]
[PlyCount "78"]
[EventDate "2011.09.18"]
[EventType "team-tourn"]
[EventRounds "9"]
[EventCountry "GER"]
[SourceTitle "EXT 2020"]
[Source "ChessBase"]
[SourceDate "2019.10.17"]
[SourceVersion "1"]
[SourceVersionDate "2019.10.17"]
[SourceQuality "1"]
[WhiteTeam "Dortmund Hansa IV"]
[BlackTeam "Muelheim SC"]
[WhiteTeamCountry "GER"]
[BlackTeamCountry "GER"]

1. Nf3 c5 2. g3 Nc6 3. d4 cxd4 4. Nxd4 Qb6 5. Nf3 g6 6. Bg2 Bg7 7. c3 d6 8. 0-0 Nf6 9. Qb3 Qc7 10. Na3 a6 11. Nd4 0-0 12. Qc4 Bd7 13. Nac2 b5 14. Qd3 Rac8 15. Nxc6 Bxc6 16. Bxc6 Qxc6 17. Nd4 Qe4 18. a4 Qxd3 19. exd3 b4 20. c4 Nd7 21. Nc2 a5 22. Rb1 Nc5 23. Rd1 Nb3 24. Bg5 f6 25. Bd2 d5 26. Ne3 dxc4 27. dxc4 Rfd8 28. Be1 f5 29. Rxd8+ Rxd8 30. Rd1 Rxd1 31. Nxd1 Nc5 32. Bd2 Nxa4 33. Be3 Nxb2 34. Nxb2 Bxb2 35. c5 Be5 36. c6 Bc7 37. Kf1 Kf7 38. Ke2 Ke6 39. Kd3 Kd5 0-1

[Event "Ruhrgebiet Verbandsliga2 1112"]
[Site "Nordrheinwestfalen"]
[Date "2012.02.12"]
[Round "6.8"]
[White "Goschin, Andreas"]
[Black "Otto, Michael"]
[Result "1-0"]
[WhiteElo "2096"]
[BlackElo "1811"]
[PlyCount "45"]
[EventDate "2011.09.18"]
[EventType "team-tourn"]
[EventRounds "9"]
[EventCountry "GER"]
[SourceTitle "EXT 2020"]
[Source "ChessBase"]
[SourceDate "2019.10.17"]
[SourceVersion "1"]
[SourceVersionDate "2019.10.17"]
[SourceQuality "1"]
[WhiteTeam "Recklinghausen Laeufer Ost"]
[BlackTeam "Muelheim SC"]
[WhiteTeamCountry "GER"]
[BlackTeamCountry "GER"]

1. e4 c5 2. Ne2 g6 3. g3 Bg7 4. Bg2 Nc6 5. 0-0 e6 6. c3 Nge7 7. d4 cxd4 8. cxd4 d5 9. exd5 Nxd5 10. Nbc3 Nce7 11. Qb3 Qb6 12. Nxd5 Qxb3 13. Nc7+ Kd8 14. axb3 Kxc7 15. Bf4+ Kd8 16. Nc3 a6 17. Rfd1 f6 18. Na4 a5 19. Nb6 Ra6 20. Rac1 Nc6 21. d5 Rxb6 22. dxc6+ Ke7 23. cxb7 1-0

[Event "Ruhrgebiet Verbandsliga2 1112"]
[Site "Nordrheinwestfalen"]
[Date "2011.12.11"]
[Round "4.8"]
[White "Fuhrmann, Marc Andre"]
[Black "Otto, Michael"]
[Result "1/2-1/2"]
[WhiteElo "1910"]
[BlackElo "1811"]
[PlyCount "78"]
[EventDate "2011.09.18"]
[EventType "team-tourn"]
[EventRounds "9"]
[EventCountry "GER"]
[SourceTitle "EXT 2020"]
[Source "ChessBase"]
[SourceDate "2019.10.17"]
[SourceVersion "1"]
[SourceVersionDate "2019.10.17"]
[SourceQuality "1"]
[WhiteTeam "Recklinghausen Altstadt"]
[BlackTeam "Muelheim SC"]
[WhiteTeamCountry "GER"]
[BlackTeamCountry "GER"]

1. d4 d5 2. c4 c6 3. Nf3 Nf6 4. Nc3 e6 5. Bg5 Be7 6. e3 0-0 7. Rc1 Ne4 8. Bxe7 Nxc3 9. Bxd8 Nxd1 10. Be7 Nxb2 11. Bxf8 Kxf8 12. Rc2 Nxc4 13. Bxc4 dxc4 14. Rxc4 Nd7 15. 0-0 Nf6 16. Rb1 Ne4 17. Rb2 f6 18. Ne1 Ke7 19. Nd3 Nd6 20. Rc5 Bd7 21. a4 b6 22. Rc1 Nb7 23. f3 Be8 24. Kf2 Rd8 25. Ke2 Kd6 26. e4 Kc7 27. Ke3 Na5 28. g4 h6 29. Nf4 Kd6 30. h4 Rc8 31. d5 exd5 32. Nxd5 c5 33. Rd2 Ke6 34. Ra2 Nb3 35. Rc3 Nd4 36. Nf4+ Ke7 37. Ne2 Nc6 38. Nf4 Nd4 39. Ne2 Nc6 1/2-1/2

[Event "Ruhrgebiet Verbandsliga2 1112"]
[Site "Nordrheinwestfalen"]
[Date "2011.11.13"]
[Round "3.8"]
[White "Otto, Michael"]
[Black "Nowok, Frank"]
[Result "0-1"]
[WhiteElo "1811"]
[BlackElo "1898"]
[PlyCount "78"]
[EventDate "2011.09.18"]
[EventType "team-tourn"]
[EventRounds "9"]
[EventCountry "GER"]
[SourceTitle "EXT 2020"]
[Source "ChessBase"]
[SourceDate "2019.10.17"]
[SourceVersion "1"]
[SourceVersionDate "2019.10.17"]
[SourceQuality "1"]
[WhiteTeam "Muelheim SC"]
[BlackTeam "Gladbeck SG"]
[WhiteTeamCountry "GER"]
[BlackTeamCountry "GER"]

1. e4 c5 2. Nf3 b6 3. c4 Bb7 4. Nc3 a6 5. d4 cxd4 6. Nxd4 e6 7. Bd3 Qc7 8. 0-0 d6 9. f4 Nd7 10. Qe2 Ngf6 11. Be3 Nc5 12. Bf2 Rc8 13. Bc2 Be7 14. e5 Ng8 15. b4 Nd7 16. f5 Nxe5 17. fxe6 f6 18. Ba4+ Kf8 19. Nd5 Qd8 20. Rac1 g6 21. Bg3 Kg7 22. Nf3 Nxf3+ 23. Qxf3 Nh6 24. Bd7 Rc7 25. Qf2 Bxd5 26. cxd5 Ng4 27. Qe2 h5 28. Rc6 Rxc6 29. dxc6 b5 30. Qd1 Ne3 31. Qd4 Nxf1 32. Bxd6 Ne3 33. c7 Qa8 34. Qxe3 Bxd6 35. e7 Bxc7 36. e8Q Rxe8 37. Bxe8 Be5 38. Bd7 Qd5 39. Bc8 Bd4 0-1

[Event "Ruhrgebiet Verbandsliga1 1011"]
[Site "Nordrheinwestfalen"]
[Date "2011.03.20"]
[Round "8.8"]
[White "Wirthmann, Stefan"]
[Black "Otto, Michael"]
[Result "1/2-1/2"]
[WhiteElo "1783"]
[BlackElo "1851"]
[PlyCount "67"]
[EventDate "2011.09.12"]
[EventType "team-tourn"]
[EventRounds "9"]
[EventCountry "GER"]
[SourceTitle "EXT 2020"]
[Source "ChessBase"]
[SourceDate "2019.10.17"]
[SourceVersion "1"]
[SourceVersionDate "2019.10.17"]
[SourceQuality "1"]
[WhiteTeam "Doppelbauer Brambauer"]
[BlackTeam "Muelheim SC"]
[WhiteTeamCountry "GER"]
[BlackTeamCountry "GER"]

1. e4 c5 2. d4 cxd4 3. c3 dxc3 4. Nxc3 Nc6 5. Nf3 d6 6. Bc4 e6 7. 0-0 Nge7 8. Bg5 h6 9. Be3 Ng6 10. Nd4 Be7 11. f4 0-0 12. Qh5 Nxd4 13. Bxd4 Bf6 14. Be3 a6 15. Rf3 b5 16. Bb3 Bxc3 17. bxc3 Qh4 18. Rh3 Qxh5 19. Rxh5 Ne7 20. Rf1 Bb7 21. f5 Bxe4 22. f6 Nf5 23. fxg7 Kxg7 24. Bd2 Rh8 25. Rf4 d5 26. g4 Nd6 27. g5 Bg6 28. gxh6+ Rxh6 29. Rxh6 Kxh6 30. Rxf7+ Kh5 31. Bd1+ Kh4 32. Be1+ Kg5 33. Bd2+ Kh4 34. Be1+ 1/2-1/2

[Event "Bayern-chI Bank Hofmann 14th"]
[Site "Bad Wiessee"]
[Date "2010.10.30"]
[Round "1"]
[White "Fradkin, Boris"]
[Black "Otto, Michael"]
[Result "1-0"]
[WhiteElo "2454"]
[BlackElo "1987"]
[PlyCount "85"]
[EventDate "2010.10.30"]
[EventType "swiss"]
[EventRounds "9"]
[EventCountry "GER"]
[SourceTitle "EXT 2011"]
[Source "ChessBase"]
[SourceDate "2010.11.26"]
[SourceVersion "1"]
[SourceVersionDate "2010.11.26"]
[SourceQuality "1"]

1. d4 Nf6 2. c4 g6 3. Nc3 d5 4. Bg5 c6 5. Bxf6 exf6 6. cxd5 cxd5 7. Qb3 Nc6 8. e3 Bb4 9. g3 Qe7 10. Be2 0-0 11. Kf1 Bxc3 12. bxc3 Be6 13. Kg2 Rac8 14. Bf3 Qd7 15. Qa3 b6 16. h3 Na5 17. Ne2 Nc4 18. Qc1 g5 19. g4 f5 20. gxf5 Bxf5 21. e4 dxe4 22. Qxg5+ Kh8 23. Qf6+ Kg8 24. Bg4 Bxg4 25. Qg5+ Kh8 26. hxg4 f5 27. Nf4 Rc6 28. Ng6+ Rxg6 29. Qxg6 e3 30. Rxh7+ Qxh7 31. Rh1 Qxh1+ 32. Kxh1 exf2 33. Qh6+ Kg8 34. Qe6+ Kg7 35. Qxc4 fxg4 36. Qf1 Kg6 37. Kg2 Rf3 38. c4 Kf6 39. d5 Ke5 40. Qe2+ Kd6 41. Kf1 Rf4 42. Qe6+ Kc5 43. Qe3+ 1-0

[Event "Staufer op 22nd"]
[Site "Schwaebisch Gmuend"]
[Date "2010.01.02"]
[Round "3"]
[White "Otto, Michael"]
[Black "Heimrath, Reiner"]
[Result "0-1"]
[WhiteElo "1979"]
[BlackElo "2252"]
[PlyCount "80"]
[EventDate "2010.01.02"]
[EventType "swiss"]
[EventRounds "9"]
[EventCountry "GER"]
[SourceTitle "CBM 134 Extra"]
[Source "ChessBase"]
[SourceDate "2010.03.03"]
[SourceVersion "1"]
[SourceVersionDate "2010.03.03"]
[SourceQuality "1"]

1. e4 e5 2. Nf3 d6 3. d4 Nd7 4. dxe5 dxe5 5. Bc4 c6 6. 0-0 Be7 7. Be3 Ngf6 8. h3 Nxe4 9. Nbd2 Nxd2 10. Qxd2 0-0 11. Rad1 Qc7 12. Qc3 Bf6 13. Bg5 e4 14. Bxf6 Nxf6 15. Nd4 Qe5 16. f4 Qe7 17. Rde1 Bd7 18. Nf3 b5 19. Bb3 c5 20. a3 c4 21. Ba2 Qc5+ 22. Qd4 Qxd4+ 23. Nxd4 h5 24. c3 Rfe8 25. Bb1 Re7 26. Nf3 Bc6 27. Ne5 Bb7 28. g4 hxg4 29. hxg4 Rae8 30. g5 Nd7 31. Ng4 Nc5 32. f5 Rd7 33. Re2 Red8 34. f6 Rd5 35. g6 Rg5 36. gxf7+ Kxf7 37. Rg2 gxf6 38. Nxf6 Rxg2+ 39. Kxg2 e3+ 40. Be4 e2 0-1

[Event "Duisburg Grossenbaum op"]
[Site "Duisburg"]
[Date "2006.06.11"]
[Round "5"]
[White "Hamm, Michael"]
[Black "Otto, Michael"]
[Result "1/2-1/2"]
[WhiteElo "1615"]
[BlackElo "1986"]
[PlyCount "74"]
[EventDate "2006.06.02"]
[EventType "swiss"]
[EventRounds "7"]
[EventCountry "GER"]
[SourceTitle "EXT 2007"]
[Source "ChessBase"]
[SourceDate "2006.11.23"]
[SourceVersion "1"]
[SourceVersionDate "2006.11.23"]
[SourceQuality "1"]

1. e4 c5 2. d4 cxd4 3. c3 dxc3 4. Nxc3 d6 5. Nf3 Nc6 6. Bc4 e6 7. 0-0 Be7 8. Be3 Nf6 9. Rc1 0-0 10. Qe2 a6 11. Rfd1 b5 12. Bb3 Qe8 13. Bg5 Bb7 14. Bxf6 gxf6 15. Bc2 Ne5 16. h4 Kh8 17. Nh2 Rg8 18. Qh5 Qf8 19. Ne2 Rg6 20. Ng3 Rh6 21. Qe2 Rxh4 22. Nf3 Nxf3+ 23. Qxf3 f5 24. Qc3+ f6 25. exf5 Rc8 26. Qd2 e5 27. Bb3 Rd4 28. Qe3 Rxd1+ 29. Rxd1 Rc5 30. Ne4 Bxe4 31. Qxe4 a5 32. Rd3 a4 33. Bd5 Qh6 34. Rh3 Qc1+ 35. Kh2 Qf4+ 36. Rg3 Qh6+ 37. Rh3 Qf4+ 1/2-1/2